Mým motorem je spokojenost zákazníků
Rozhovor s riaditeľom obchodu a marketingu Gebrüder Weiss ČR Janom Kodadom o najmodernejších technológiách, udržateľných riešeniach a možnostiach alternatívnych pohonov nákladných vozidiel.
Enregistré dans:
| Auteur principal: | |
|---|---|
| Autres auteurs: | |
| Format: | Chapitre de livre |
| Langue: | tchèque |
| Sujets: | |
| Tags: |
Pas de tags, Soyez le premier à ajouter un tag!
|
MARC
| LEADER | 00000naa a2200000 4500 | ||
|---|---|---|---|
| 001 | 0288197 | ||
| 005 | 20240417075216.4 | ||
| 041 | 0 | |a cze | |
| 044 | |a CZ | ||
| 245 | 1 | 0 | |a Mým motorem je spokojenost zákazníků |c Filip Hubička, Pavel Toman |
| 520 | |a Rozhovor s riaditeľom obchodu a marketingu Gebrüder Weiss ČR Janom Kodadom o najmodernejších technológiách, udržateľných riešeniach a možnostiach alternatívnych pohonov nákladných vozidiel. | ||
| 610 | 2 | 0 | |a technológie nové |
| 610 | 2 | 0 | |a sklady |
| 610 | 2 | 0 | |a skladovanie |
| 610 | 2 | 0 | |a logistika |
| 610 | 2 | 0 | |a preprava |
| 610 | 2 | 0 | |a udržateľnosť |
| 610 | 2 | 0 | |a palivá |
| 610 | 2 | 0 | |a doprava nákladná |
| 100 | 1 | |a Hubička, Filip | |
| 700 | 1 | |a Toman, Pavel | |